00531nam a2200181 a 4500008004100000020002200041100001800063245004100081260007100122300002700193440001800220504004200238500002000280650002200300003000100322005001700323040000900340  a088385502X (pbk.)1 aRoberts, Joe.10aLure of the integers /cJoe Roberts. a[Washington, D.C.] :bMathematical Association of America,cc1992. axvii, 310 p. ;c22 cm. 0aMAA spectrum. aIncludes bibliographical references.  aIncludes index. 0aNumbers, Natural.20230123133109.0 cNUST